| 000 | 00428nam a2200157Ia 4500 | ||
|---|---|---|---|
| 008 | 210716s2002 xx 000 0 und d | ||
| 020 | _a0130328472 | ||
| 041 | _aeng | ||
| 082 | _a658.4 GORJ | ||
| 100 | _aGordon, Judith R. | ||
| 245 |
_aOrganizational behavior: a diagnostic approach. _bDiagnostic approach. |
||
| 250 | _a7 | ||
| 260 |
_aUSA _bPrentice Hall _c2002 |
||
| 300 | _axvii,589 | ||
| 650 | _aOrganisational Behavior | ||
| 999 |
_c202974 _d202974 |
||